| 000 | 00572cam a22001697a 4500 | ||
|---|---|---|---|
| 008 | 180718b1995 xxu||||| |||| 00| 0 eng d | ||
| 020 | _a0195638506 | ||
| 082 | _aY7x54 D221 | ||
| 245 |
_aA week with elephants: proceedings of the international seminar on the conservation of Asian elephant _cedited by J.C. Daniel and Hemant S. Datye |
||
| 260 |
_aBombay _bBombay Natural History Society _c1995 |
||
| 300 | _a535p. | ||
| 650 | _aWild life | ||
| 650 | _aNatural resources - Elephants | ||
| 650 | _aForests - Asia | ||
| 700 | _aDatye, Hemant S. | ||
| 700 | _aDaniel, J.C. | ||
| 999 |
_c400512 _d400512 |
||